000 00787nab a2200241u 4500
001 23200
003 HDC
007 c| |||a|c|aaaa
008 210316b20161006my ||||| |||| 00| 0 may d
040 _aHDC
100 _aFAZRINA AYU RADUIAN /
_eAuthor
_99263
245 0 _aProduk IKS 2 negara /
_cFAZRINA AYU RADUIAN
336 _atext
_2rdacontent
337 _acomputer
_2rdamedia
338 _aonline resource
_2rdacarrier
650 _afish products
_919878
650 _asmall and medium enterprises (SME)
_97657
710 _aUTUSAN MALAYSIA
856 _zRequest full-text at [email protected]
942 _2lcc
942 _cNEWS
942 _kNWSC 005096
999 _c20516
_d20516